Daftar kata bahasa Melayu : Rumi-Sebutan-Jawi

Dictionary of Malay language and orthography

Bibliographic Details
Corporate Author: Dewan Bahasa dan Pustaka (Author)
Format: Book
Published: Kuala Lumpur : Dewan Bahasa dan Pustaka , c2008
Edition:2nd ed
Subjects:

MARC

LEADER 00000cam a2200000 7i4500
001 0000060310
005 20090811093000.0
008 090209s2008 my
020 |a 9789836294838 (hbk.) 
090 0 0 |a PL5112   |b .D34 2008 
245 0 0 |a Daftar kata bahasa Melayu :   |b Rumi-Sebutan-Jawi 
250 |a 2nd ed 
260 |a Kuala Lumpur :   |b Dewan Bahasa dan Pustaka ,   |c c2008 
300 |a xxx, 1895 p. :   |b ill. ;   |c 25 cm. 
504 |a Includes bibliographical references 
505 0 |a 1. Kata pengantar DKBM edisi kedua -- 2. Pendahuluan DKBM edisi kedua -- 3. Prakata DKBM edisi pertama -- 4. Pendahuluan DBKM edisi pertama -- 5. Panduan penggunaan DKBM edisi kedua -- 6. Pedoman umum ejaan rumi bahasa melayu -- 7. Pedoman umum sebutan baku bahasa melayu -- 8. Pedoman umum ejaan jawi bahasa melayu -- 9. Daftar kata bahasa melayu A-Z -- 10. Lampiran -- 12. Bibliografi 
520 |a Dictionary of Malay language and orthography 
546 |a In Malay   |b (roman and Jawi) 
650 0 |a Jawi alphabet 
650 0 |a Malay language   |x Orthography and spelling   |x Dictionaries 
650 0 |a Malay language   |x Transliteration 
710 2 |a Dewan Bahasa dan Pustaka   |e author 
999 |a 1000122584   |b Book   |c Reference   |e Gong Badak Campus 
999 |a 1000122585   |b Book   |c Reference   |e Gong Badak Campus